| 000 | 07409nam a22004337a 4500 | ||
|---|---|---|---|
| 003 | EG-GICUC | ||
| 005 | 20260310125235.0 | ||
| 008 | 260310s2025 ua ||||f m||| 000 0 ara d | ||
| 040 |
_aEG-GICUC _cEG-GICUC _dEG-GICUC _erda _bara |
||
| 041 | 0 |
_aara _bara _dara |
|
| 049 | _aإهداء | ||
| 082 | 0 | 4 |
_a345 _221 |
| 097 | _aPh.D | ||
| 099 | _aLaw 07 PHD 2025 | ||
| 100 | 0 |
_aداليا ممدوح حسن يوسف راضي _eمؤلف. |
|
| 245 | 1 | 0 |
_aمناهج التفسير في قضاء وإفتاء مجلس الدولة (دراسة مقارنة) / _cإعداد علاء داليا ممدوح حسن يوسف راضي؛ إشراف الأستاذ الدكتور جابر جاد نصار. |
| 264 | 0 |
_aالجيزة : _bكلية الحقوق - جامعة القاهرة، _c2025. |
|
| 300 |
_a455 صفحة : _c25 سم. |
||
| 336 |
_atext _2rda content |
||
| 337 |
_aComputer _2rda media |
||
| 338 |
_aOnline Resource _2rda carrier |
||
| 502 | _aأطروحة (دكتوراه) - جامعة القاهرة -كلية الحقوق - قسم قانون اداري، 2025. | ||
| 504 | _aيشتمل على إرجاعات بيبليوجرافية: 445- 450 | ||
| 520 | 3 | _aتناولت هذه الرسالة مناهج التفسير في فضاء وافتاء مجلس الدولة، باعتباره أحد أهم الموضوعات القانونية تناول هذه ورو التي اتصل اتصالا مباشرا بوظيفة القضاء الإداري ودوره في إرساء مبدأ المشروعية وضمان حسن الدلالية الصوص التشريعية وبعد مجلس الدولة في كل من العمر وهو الحجر الزاوية في منظومة العدالة الإدارية، ال يتطلع بمهمة جوهرية تتمثل في تفسير القواعد القانونية والتنظيمية بما يكفل تحقيق التوازن بين مقتضيات وروح العدالة ومتطلبات المصلحة العامة. وتهدف الدراسة إلى إبراز الدور المحوري الذي يؤديه مجلس العادة بشقيه القضائي والاقتاني، في تفسير النصوص التشريعية وضمان تطبيقها السليم، خاصة في الحالات لي يشوب فيها فيها النص الغموض أو النفس أو العمومية. كما تسعى الرسالة إلى تحليل المناهج التفسيرية التي التي بها القاضي الإداري في سبيل استنباط قصد المشرع والوصول إلى الحكم العادل، بما يسهم في سد الثغرات لى منهج يجمع بين الجانب النظري والجانب التطبيقي وقد اعتمدت الدراسة على . التشريعية وتحقيق الأمن القانوني وقد حيث استعرضت مفهوم التفسير لغة واصطلاحا، وبيان أهميته وشروطه وضوابطه، فضلا عن توضيح العلاقة من الصياغة التشريعية وإشكالية غموض النصوص، كما تناولت الدراسة حدود سلطة القاضي الإداري في التفسير عند تطبيق القاعدة القانونية، بالنظر إلى طبيعتها التي تتسم بالعمومية والتجريد، بما يفرض على القاضي الاجتهاد في قيمها وتحديد نطاقها دون تجاوز إرادة المشرع وتناولت الرسالة أنواع التفسير من حيث طبيعته، سواء التفسير التشريعي أو القضائي أو الفقهي، مع بيان الجهات المختصة به ومدى الزاميته الاطراف النزاع. كما استعرضت المناهج العامة للتفسير في حالات وجود النص أو غيابه أو غموضه، من خلال التفسير اللفظي القائم على مدلول العبارة، أو التفسير الغاني الذي يستهدف تحقيق مقاصد التشريع، فصلا عن الاستعانة بالأعمال التحضيرية والمبادئ العامة للقانون وغيرها من أدوات التفسير المعتمدة كذلك تطرقت الدراسة إلى مدارس التفسير العربية التاريخية، و الفقهية الإسلامية بوصفها مرجعية مهمة في استنباط قواعد التفسير، وما أرسته من مدادي ، وأما للضوابط الشرعية التي تحكم عملية الاستنباط أيضا ركزت على الدور الأساسي للقاضي الإداري في تفسير النصوص باعتباره عنصرا جوهريا لتحقيق العدالة من خلال التطبيق السليم للقانون، موضحا أن سلطة القاضي تتعاظم بوجه خاص عند غموض النص أو قصوره. كما سلطت الدراسة الضوء على نشأة مجلس الدولة الفرنسي وتطوره بوصفه رائدا للقانون الإداري، ومنهجيته في التفسير، ومدى تأثر مجلس الدولة المصري به مع إبراز خصوصية التجربة المصرية في تطوير قواعد القضاء الإداري بما يتلاءم مع طبيعة المجتمع المصري وظروفه التشريعية. وقد خلصت الدراسة أيضاً إلى أن تفسير النصوص التشريعية بمثل ركيزة أساسية اضمان عدالة التطبيق القانوني وحسم المنازعات الإدارية، وأن التفسير ليس عملية آلية جامدة، بل هو اجتهاد معقد يتأثر بالمتغيرات الاجتماعية والسياسية والاقتصادية المحيطة بالنصوص. كما أكدت الدراسة ضرورة التزام القاضي بحدود التفسير، بحيث لا يؤدي اجتهاده إلى تعديل النص أو استحداث قواعد قانونية جديدة تخرج عن إرادة المشرع واكدت الدراسة أن التطورات التكنولوجية تفرض تحديات حديثة أمام القضاء الإداري تستوجب تطوير آليات التفسير التشريعي وتوحيد منهجيته بما يحقق الاتساق والاستقرار التشريعي، ويعزز قدرة مجلس الدولة على مواكبة الواقع المتغير وتحقيق العدالة الناجزة. | |
| 546 | _aالنص بالعربية والملخص باللغة الإنجليزية والعربية. | ||
| 650 | 0 | 4 |
_aالقانون الإداري _2qrmak |
| 653 | 0 | _aاجتهادات مجلس الدولة الفرنسي | |
| 653 | 0 | _aمبادئ التفسير في الشريعة | |
| 653 | 0 | _aسلطة القاضي في التفسير | |
| 653 | 0 | _aضوابط التفسير القضائي | |
| 653 | 0 | _aمناهج التفسير للنصوص التشريعية | |
| 655 | 4 |
_aرسائل جامعية _zجامعة القاهرة |
|
| 700 | 0 |
_aجابر جاد نصار _eمشرف. |
|
| 710 | 2 |
_aجامعة القاهرة _bكلية الحقوق |
|
| 856 | _uhttps://fll.law.cu.edu.eg/fulltext/th/T07-02271.pdf | ||
| 900 |
_b2025 _Uجامعة القاهرة _Fكلية الحقوق _Dقسم القانون الإداري |
||
| 905 | _a64 | ||
| 942 |
_2ddc _n0 _cTH _e21 |
||
| 999 | _c65970 | ||